• 首页
  • 本馆介绍
  • 公告通知
  • 最新文献
  • 馆藏检索
  • 电子资源
  • 读者导购
  • 参考咨询
  • 我的图书馆
  • 登录
  • 详细信息显示
  • 放入我的书架
  • 预约/预借图书
  • 作者相关作品
  • 分类相关作品
  • 丛书相关作品
  • 出版社相关作品

书目信息

  • 表格格式
  • 工作单格式
  • 卡片格式
题名:
大学生谈中国社会主义
    
 
作者: ;吉林人民出版社 编
分册:  
出版信息: 长春   吉林人民出版社  1984
页数: 303页
开本: 21cm
丛书名:
单 册:
中图分类: D614 , D61
科图分类:
主题词: 社会主义建设模式--中国 , 政治--中国
电子资源:
ISBN:
000 00745nam0 2200265 45
001 0184010483
005 20040422144908.1
010    @dCNY1.10
091    @a3091.505
100    @a19950530d1984 em y0chiy0121 ea
101 0  @achi
102    @aCN@b220000
105    @ay z 000yy
106    @ar
200 10 @a大学生谈中国社会主义@Ada xue sheng tan zhong guo she hui zhu yi@f吉林人民出版社编
210    @a长春@c吉林人民出版社@d1984
215    @a303页@d21cm
606    @a社会主义建设模式@y中国
606 0  @a政治@x中国
690    @aD614@v3
690    @aD61@v3
711 02 @a吉林人民出版社@Aji lin ren min chu ban she@4编
801  0 @aCN@b上海图书馆@c20040422
801  2 @aCN@bNLC@c20040422
905    @f1@b212543@f3@b256884-886@dD61@e30
    
    大学生谈中国社会主义/吉林人民出版社编.-长春:吉林人民出版社,1984
    303页;21cm
    
    
    ISBN :CNY1.10
    
●
相关链接 在E读中查询图书 在五车中查询图书 在当当中查询图书 在豆瓣中查询图书


正题名:大学生谈中国社会主义     索取号:D61/30         预约/预借

序号 登录号 条形码 馆藏地/架位号 状态 备注
1 0212543   000486539   第一样本阅览室/ [索取号:D61/30] 在馆    
2 0256884   000486511   密集书库/ [索取号:D61/30] 在馆    
3 0256885   000486520   密集书库/ [索取号:D61/30] 在馆    
4 0256886   000486502   密集书库/ [索取号:D61/30] 在馆    
唐山师范学院图书馆 欢迎您!
大连网信软件有限公司© 版权所有